000 00705nam a2200193 4500
001 131606
003 ES-MaACL
005 20250727032444.0
007 t|
008 070214s1977 sp r ||||1| spa d
100 1 _aRodríguez Becerra, Salvador.
_998378
245 1 0 _aEncomienda y conquista
_b: los indicios de una colonización en Guatemala /
_cSalvador Rodríguez Becerra.
260 _aSevilla :
_bUniversidad,
_c1977.
300 _aXXII, 200 p. :
_bil. ;
_c24 cm.
490 1 _aPublicaciones del seminario de antropología americana ;
_v14
830 0 0 _aPublicaciones del Seminario de Antropología Americana
_v14
_9219590
852 _aES-MaACL
_jA-7716
_bR.96560
999 _c131606
_d131606